Car Logos With Yellow on Them - Statistics

General Stats
  • This quiz has been taken 73 times
  • The average score is 7 of 8
Answer Stats
Picture Answer % Correct
Chevrolet
100%
Honda
98%
Ferrari
97%
Porsche
95%
Lamborghini
92%
Renault
83%
Lotus
69%
Abarth
62%
No matching quizzes found
Score Distribution
Percent of People with Each Score
Percentile by Number Answered
Your Score History
You have not taken this quiz